Central Library OPAC University of Rajshahi

কোরআন শরীফ : (Record no. 76651)

MARC details
000 -LEADER
fixed length control field 01186nam a2200265 a 4500
001 - CONTROL NUMBER
control field 76651
003 - CONTROL NUMBER IDENTIFIER
rucl marc code BD-RjUL
005 - DATE AND TIME OF LATEST TRANSACTION
control field 20211209082853.0
008 - FIXED-LENGTH DATA ELEMENTS--GENERAL INFORMATION
fixed length control field 161204m19501945ii ||||| |||| 00| 0 ben d
020 ## - INTERNATIONAL STANDARD BOOK NUMBER
Terms of availability : IRs.4.50 (V-1)
Terms of availability : PRs.6.00 (V-2)
035 ## - SYSTEM CONTROL NUMBER
System control number (BD-RjUL)56995
040 ## - CATALOGING SOURCE
Original cataloging agency BD-RjUL
Language of cataloging ben
Transcribing agency BD-RjUL
041 ## - LANGUAGE CODE
Language code of text/sound track or separate title ben
082 ## - DEWEY DECIMAL CLASSIFICATION NUMBER
Edition number 23
Classification number 297.12259144
Author mark and year KHK V-1-2 1945-1950
100 1# - MAIN ENTRY--PERSONAL NAME
Personal name খাঁ, মোহাম্মদ আকরম
9 (RLIN) 237142
245 10 - TITLE STATEMENT
Title কোরআন শরীফ :
Remainder of title বাঙ্গলা অনুবাদ ও বিস্তারিত তাফছির /
Statement of responsibility, etc. মোহাম্মদ আকরম খাঁ
250 ## - EDITION STATEMENT
Edition statement ২য় সং
260 ## - PUBLICATION, DISTRIBUTION, ETC. (IMPRINT)
Place of publication, distribution, etc. কলিকাতা ;
-- ঢাকা :
Name of publisher, distributor, etc. মোহাম্মদী বুক এজেন্সী,
Date of publication, distribution, etc. ১৯৪৫-১৯৫০ (১৩৬৫-১৩৭০ হিজরী)
300 ## - PHYSICAL DESCRIPTION
Pagination খণ্ড. ;
Size ২৬ সেমি.
505 0# - FORMATTED CONTENTS NOTE
Formatted contents note খণ্ড ১ -- খণ্ড ২ --
650 ## - SUBJECT ADDED ENTRY--TOPICAL TERM
Topical term or geographic name as entry element কোরান
9 (RLIN) 169072
General subdivision বাংলা অনুবাদ ও ব্যাখা
Topical term or geographic name as entry element Quran
General subdivision Bengali Translation and Interpretation
9 (RLIN) 169214
942 ## - ADDED ENTRY ELEMENTS (KOHA)
Source of classification or shelving scheme Dewey Decimal Classification
Koha item type Rare Books
Holdings
Lost status Source of classification or shelving scheme Damaged status Not for loan Collection code Permanent Location Current Location Shelving location Date acquired Total Checkouts Full call number Date last seen Copy number Koha item type
  Dewey Decimal Classification   Not For Loan Rare Books Central Library, University of Rajshahi Central Library, University of Rajshahi Rare Book Section 29/12/2019   BRA 297.12259144 KHK V-1 1945 29/12/2019 C-1 Rare Books
  Dewey Decimal Classification   Not For Loan Rare Books Central Library, University of Rajshahi Central Library, University of Rajshahi Rare Book Section 29/12/2019   BRA 297.12259144 KHK V-2 1950 29/12/2019 C-1 Rare Books